000
00291nam a2200121Ia 4500
008
191201s2019 xx 000 0 und d
082
_a
658.4
_b
HOI
100
_a
HORVARD BUSINESS
245
0
_a
Innovator's Tool Kit
260
_b
Harvard Business School Press
650
_a
MBA
942
_2
ddc
_c
BK
999
_c
388
_d
388